| 000 | 00967 a2200241 4500 | ||
|---|---|---|---|
| 001 | 118597 | ||
| 020 | _a9780448089102 | ||
| 020 | _qenc. | ||
| 041 | _aeng | ||
| 082 | _a[Fic] | ||
| 245 | 1 | 0 | _aThe Hardy boys mystery stories |
| 246 | _aWhat happened at midnight | ||
| 490 | _aThe Hardy boys mystery stories | ||
| 520 | _aFrank and Joe race against time to retrieve a scientist's top-secret invention before thieves get their hands on it. But the young detectives soon discover that they are involved in a mystery far greater in scope than just safeguarding the invention. When Joe is kidnapped, this incident starts Frank of on a chase that could end disastrously for him and his pals. | ||
| 697 | _aMystery - Fiction | ||
| 856 | _u000031/00003153.jpg | ||
| 040 |
_aBR-BrIDEA _cBR-BrIDEA |
||
| 090 |
_aYear 4 [Fic] _bHAR |
||
| 260 |
_aNew York _bGrosset & Dunlap _c1992 |
||
| 300 |
_a180 p. _bill. |
||
| 700 |
_aDixon, Franklin W. _eauthor |
||
| 942 | _cBK | ||
| 999 |
_c118597 _d118597 |
||